Music Quiz

Random Music or Album Quiz

Songs on Please Please Me Quiz Stats

 Plays Quiz Updated Apr 2, 2020

     
Support Sporcle.
Go Orange.
Score 0/14 Timer 04:00
4 Plays Today
Side % Correct
Side 1Please Please Me
94.8%
Side 2Love Me Do
79.6%
Side 2Twist and Shout
78.9%
Side 1I Saw Her Standing There
76.4%
Side 1Chains
71.1%
Side 1Anna (Go to Him)
71%
Side 1Boys
70.8%
Side % Correct
Side 1Misery
63.5%
Side 2Do You Want to Know a Secret
62.5%
Side 2P.S. I Love You
58.8%
Side 2A Taste of Honey
56.7%
Side 2There's a Place
49.7%
Side 1Ask Me Why
46.8%
Side 2Baby It's You
43.6%
Remove Ads.
Support Sporcle.
Get the best of Sporcle when you Go Orange. This ad-free experience offers more features, more stats, and more fun while also helping to support Sporcle. Thank you for becoming a member.

Show Comments

Extras

Top Quizzes Today


Score Distribution

Your Account Isn't Verified!

In order to create a playlist on Sporcle, you need to verify the email address you used during registration. Go to your Sporcle Settings to finish the process.

Report this User

Report this user for behavior that violates our Community Guidelines.

Details: